<?xml version="1.0" encoding="UTF-8"?><?xml-stylesheet type="text/xsl" href="static/style.xsl"?><OAI-PMH xmlns="http://www.openarchives.org/OAI/2.0/" xmlns:xsi="http://www.w3.org/2001/XMLSchema-instance" xsi:schemaLocation="http://www.openarchives.org/OAI/2.0/ http://www.openarchives.org/OAI/2.0/OAI-PMH.xsd"><responseDate>2026-04-13T01:00:07Z</responseDate><request verb="GetRecord" identifier="oai:www.recercat.cat:2117/347451" metadataPrefix="marc">https://recercat.cat/oai/request</request><GetRecord><record><header><identifier>oai:recercat.cat:2117/347451</identifier><datestamp>2025-07-22T17:34:00Z</datestamp><setSpec>com_2072_1033</setSpec><setSpec>col_2072_452951</setSpec></header><metadata><record xmlns="http://www.loc.gov/MARC21/slim" xmlns:dcterms="http://purl.org/dc/terms/" xmlns:xsi="http://www.w3.org/2001/XMLSchema-instance" xmlns:doc="http://www.lyncode.com/xoai" xsi:schemaLocation="http://www.loc.gov/MARC21/slim http://www.loc.gov/standards/marcxml/schema/MARC21slim.xsd">
   <leader>00925njm 22002777a 4500</leader>
   <datafield ind2=" " ind1=" " tag="042">
      <subfield code="a">dc</subfield>
   </datafield>
   <datafield ind2=" " ind1=" " tag="720">
      <subfield code="a">Rodriguez, Elyanne</subfield>
      <subfield code="e">author</subfield>
   </datafield>
   <datafield ind2=" " ind1=" " tag="260">
      <subfield code="c">2008-02-01</subfield>
   </datafield>
   <datafield ind2=" " ind1=" " tag="520">
      <subfield code="a">La población de Santa Coloma de Farners, actualmente presenta un&#xd;
problema importante en cuanto a accesos a las carreteras que llegan a la&#xd;
capital de la Selva.&#xd;
Cruzar el núcleo urbano para acceder a las carreteras que llegan o salen es&#xd;
complicado y en general lento, con vehículos pesados que cruzan el núcleo&#xd;
urbano.&#xd;
El presente proyecto pretende la mejora de la carretera C-63 a su paso por&#xd;
Santa Coloma de Farners, ejecutando una variante que evite el paso obligado&#xd;
por el núcleo urbano de la población.&#xd;
Esta variante pasaría por el sector Este de la población. Enlazaría la&#xd;
carretera C-63 antes de llegar al núcleo de Santa Coloma de Farners&#xd;
procedente de Sils y Ruidarenes con la carretera C-152 de Santa Coloma a&#xd;
Olot, pasado el núcleo de Santa Coloma de Farners y que conecta con el Eje&#xd;
Transversal.</subfield>
   </datafield>
   <datafield tag="653" ind2=" " ind1=" ">
      <subfield code="a">Àrees temàtiques de la UPC::Enginyeria civil::Infraestructures i modelització dels transports::Transport per carretera</subfield>
   </datafield>
   <datafield tag="653" ind2=" " ind1=" ">
      <subfield code="a">Roads</subfield>
   </datafield>
   <datafield tag="653" ind2=" " ind1=" ">
      <subfield code="a">Carreteres -- Catalunya -- Santa Coloma de Farners</subfield>
   </datafield>
   <datafield ind2="0" ind1="0" tag="245">
      <subfield code="a">Proyecto constructivo. Variante de Santa Coloma de Farners, desde el pk 23+000 de la G-63 al pk 2+000 de la C-152</subfield>
   </datafield>
</record></metadata></record></GetRecord></OAI-PMH>